Playas Mexicanas por Imagen - Estadísticas

Estadísticas generales
  • Esta prueba ha sido intentada 21 veces
  • La puntuación promedio es 6 de 14
Estadísticas de respuestas
Imagen Respuesta % Correcto
Cancún
100%
Acapulco
87%
Los Cabos
80%
Puerto Vallarta
60%
Tulum
53%
Balandra
47%
Cozumel
40%
Isla Mujeres
40%
Veracruz
40%
Huatulco
33%
Islas Marietas
33%
Progreso
20%
Sayulita
13%
Celestún
0%
No se encontraron pruebas coincidentes
Distribución de puntuación
Porcentaje de gente con cada puntuación
Porcentaje por número respondido
Historial de tus puntuaciones
No has intentado esta prueba.